000 00317nam a22001457a 4500
008 231124b ||||| |||| 00| 0 eng d
020 _a0226525465
041 _aeng
080 _a159.9
082 _a159.9MIL
100 _a25
101 _aPSI
245 _aESSAYS ON SEX EQUALITY
_cMILL .S .J
942 _2udc
_cBK
999 _c60535
_d60535